| 000 | 00535nam a2200205Ia 4500 | ||
|---|---|---|---|
| 003 | GCL | ||
| 008 | 140319s9999 xx 000 0 ara d | ||
| 040 |
_aGCL / _cGCL |
||
| 082 | 0 | 4 |
_a813.008 _bب ر |
| 100 | 1 | _aبنت الشاطى | |
| 245 | 1 | 0 |
_aرجعة فرعون / _cبنت الشاطى |
| 300 | _a109 ص | ||
| 490 |
_aكتاب _v0 |
||
| 650 | 0 | 4 | _aالادب العربى |
| 650 | 0 | 4 | _aالادب |
| 650 | 0 | 4 | _aالمجموعات الادبية |
| 650 | 0 | 4 | _aمقالات |
| 650 | 0 | 4 | _aالمجموعات |
| 942 |
_2ddc _cBK |
||
| 999 |
_c42133 _d42133 |
||